000
00247nam a22001097a 4500
041
_a
ENG
245
_a
Guidelines for Land Use Planning ( FAO Development Series-1 )
260
_a
Rome
_b
FAO
_c
1993
300
_a
96
650
_a
FAO
856
_u
FAO (01)
999
_c
2371
_d
2371